Mental Word Puzzle - Statistics

General Stats
  • This quiz has been taken 180 times
  • The average score is 10 of 19
Answer Stats
word % Correct
started
100%
leas seal
78%
saps pass
75%
mite time
68%
name mane
64%
leas sale
59%
saps spas
52%
lade deal
49%
name mean
46%
diet tide
45%
mite emit
42%
lade dale
41%
leas ales
38%
lade lead
38%
saps asps
37%
diet tied
32%
diet edit
30%
name amen
29%
mite item
27%
No matching quizzes found
Score Distribution
Percent of People with Each Score
Percentile by Number Answered
Your Score History
You have not taken this quiz